| 000 | 00759nam a22002297a 4500 | ||
|---|---|---|---|
| 999 |
_c7220 _d7220 |
||
| 003 | AR-CdUCM | ||
| 008 | 190308b ||||| |||| 00| 0 spa d | ||
| 040 |
_aMUNICIPALIDAD PROVINCIAL DEL CUSCO _cBIBLIOTECA MUNICIPAL DEL CUSCO |
||
| 082 |
_a759.942 / _bR85 |
||
| 100 |
_aRothenstein, Sir John _920350 |
||
| 245 |
_aLa mas grandiosa colección de arte del mundo : _bJoseph Turner / |
||
| 260 |
_aBuenos Aires : _bCodex S.A., _c1964. |
||
| 300 |
_a26 paginas ; _bIlustraciones en color, _c35 cm ; |
||
| 440 |
_aPinacoteca de Los Genios _n135 _920351 |
||
| 505 | _aContenido: Arte | ||
| 650 |
_aArte _9561 |
||
| 650 |
_aInglaterra _91396 |
||
| 650 |
_aPintura _93081 |
||
| 700 |
_aSuárez, Marcial (traducción) _920352 |
||
| 942 |
_2ddc _cLIBROS |
||
| 945 | _anom | ||